Statistics for "Tri" Vocabulary Words

Click here to take the quiz!

General Stats

  • This quiz has been taken 50,940 times
    (15,820 since last reset)
  • The average score is 14 of 20

Answer Stats

DefinitionWord% Correct
Three-sided polygonTriangle
96%
Race with running, biking, and swimmingTriathlon
95%
Muscles on the back of the armTriceps
94%
Three-legged camera standTripod
92%
Three-horned dinosaurTriceratops
91%
Branch of mathematics dealing with anglesTrigonometry
91%
A person who speaks three languages is ...Trilingual
91%
Three siblings born at the same timeTriplets
91%
Three-wheeled conveyance
for children
Tricycle
88%
One third of a pregnancyTrimester
86%
Three-part movie or book seriesTrilogy
85%
The Father, Son, and Holy GhostTrinity
79%
Weapon with three tines such as the
one carried by Neptune
Trident
76%
Glasses with regions for viewing near,
intermediate, and distant objects
Trifocals
55%
Three sided hat popular in the 1700sTricorn
37%
Horse racing bet where you try to guess
1st, 2nd, and 3rd place correctly
Trifecta
34%
Group of three leadersTriumvirate
32%
Extinct arthropod whose fossils
are frequently found
Trilobite
29%
Painting on three hinged panelsTriptych
23%
Ancient Mediterranean galley ship
with three rows of oars
Trireme
21%

Score Distribution

Percentile by Number Answered

Percent of People with Each Score

Your Score History

You have not taken this quiz since the last reset